| 000 | 00824nam a22002297a 4500 | ||
|---|---|---|---|
| 005 | 20090919144344.0 | ||
| 008 | 081006t xxu||||| |||| 00| f eng d | ||
| 020 | _c495.00 | ||
| 035 | _aB-358651 | ||
| 037 | _bUBH | ||
| 040 |
_adpl _bEnglish |
||
| 082 | _aN | ||
| 100 | _aDivakaruni, Chitra Banerjee | ||
| 245 |
_aThe palace of illusions : _ba novel / _c by Chitra Banerjee Divakaruni |
||
| 250 | _a3rd repr. | ||
| 260 |
_aLondon _bPicador _c2009 |
||
| 270 |
_a20 New Wharf Road _bLondon _eN1 9RR |
||
| 300 |
_axv,360p. _c22cm. (Hb) |
||
| 942 |
_2ddc _cEN _hN _mDIV |
||
| 999 |
_c30511 _d30511 |
||